[Event "SRB-chT2 West"]
[Site "Arandjelovac"]
[Date "2018.09.09"]
[Round "4.6"]
[White "Smailovic, Ramiz"]
[Black "Kijanovic, Igor"]
[Result "1/2-1/2"]
[WhiteElo "2144"]
[BlackElo "2118"]
[PlyCount "35"]
[EventDate "2018.09.07"]
[EventType "team-tourn"]
[EventRounds "11"]
[EventCountry "SRB"]
[SourceTitle "EXT 2021"]
[Source "ChessBase"]
[SourceDate "2020.10.23"]
[SourceVersion "1"]
[SourceVersionDate "2020.10.23"]
[SourceQuality "1"]
[WhiteTeam "Tutin"]
[BlackTeam "Prijepolje Priko"]
[WhiteTeamCountry "SRB"]
[BlackTeamCountry "SRB"]

1. d4 Nf6 2. Nf3 g6 3. c4 Bg7 4. Nc3 d5 5. Bf4 0-0 6. e3 c6 7. Be2 Bg4 8. c5 Nbd7 9. h3 Bxf3 10. Bxf3 Re8 11. 0-0 e5 12. Bg3 exd4 13. exd4 Ne4 14. Bf4 Ndf6 15. Be5 Nxc3 16. bxc3 Ne4 17. Bxg7 Kxg7 18. Bxe4 1/2-1/2

[Event "SRB-chT3 West"]
[Site "Serbia"]
[Date "2010.10.03"]
[Round "4"]
[White "Gazivoda, Slobodan M"]
[Black "Smailovic, Ramiz"]
[Result "1/2-1/2"]
[WhiteElo "2117"]
[BlackElo "2135"]
[PlyCount "22"]
[EventDate "2010.09.12"]
[EventType "team"]
[EventRounds "11"]
[EventCountry "SRB"]
[SourceTitle "EXT 2012"]
[Source "ChessBase"]
[SourceDate "2011.11.24"]
[SourceVersion "1"]
[SourceVersionDate "2011.11.24"]
[SourceQuality "1"]

1. e4 e5 2. Nf3 Nc6 3. Bb5 a6 4. Ba4 Nf6 5. Bxc6 dxc6 6. d3 Bg4 7. h3 Bxf3 8. Qxf3 Nd7 9. Nd2 Qf6 10. Qxf6 Nxf6 11. Nc4 Nd7 1/2-1/2

[Event "SRB-chT3 West"]
[Site "Serbia"]
[Date "2010.09.19"]
[Round "2"]
[White "Naskovic, Filip"]
[Black "Smailovic, Ramiz"]
[Result "1-0"]
[WhiteElo "2218"]
[BlackElo "2135"]
[PlyCount "46"]
[EventDate "2010.09.12"]
[EventType "team"]
[EventRounds "11"]
[EventCountry "SRB"]
[SourceTitle "EXT 2012"]
[Source "ChessBase"]
[SourceDate "2011.11.24"]
[SourceVersion "1"]
[SourceVersionDate "2011.11.24"]
[SourceQuality "1"]

1. e4 e5 2. Bc4 Nf6 3. d3 Bc5 4. Nf3 d6 5. c3 h6 6. Nbd2 Nc6 7. 0-0 0-0 8. Re1 a5 9. Nf1 Re8 10. Ng3 Bg4 11. h3 Bxf3 12. Qxf3 Rf8 13. Nf5 Ne8 14. Bd2 Qf6 15. g4 Ne7 16. Kg2 Kh7 17. h4 Nxf5 18. exf5 g6 19. Bxh6 Rh8 20. d4 Bb6 21. Rad1 gxf5 22. g5 e4 23. Qh3 Rg8 1-0

[Event "SRB-chT2 West"]
[Site "Serbia"]
[Date "2009.10.10"]
[Round "9.2"]
[White "Rikalovic, Milan"]
[Black "Smailovic, Ramiz"]
[Result "1-0"]
[WhiteElo "2058"]
[BlackElo "2149"]
[PlyCount "27"]
[EventDate "2009.09.06"]
[EventType "team"]
[EventRounds "11"]
[EventCountry "SRB"]
[SourceTitle "EXT 2012"]
[Source "ChessBase"]
[SourceDate "2011.11.24"]
[SourceVersion "1"]
[SourceVersionDate "2011.11.24"]
[SourceQuality "1"]

1. e4 e5 2. Nf3 Nc6 3. Bb5 a6 4. Bxc6 dxc6 5. h3 Nf6 6. d3 Bd6 7. 0-0 h6 8. b3 Qe7 9. Bb2 c5 10. Nbd2 Bd7 11. Nc4 g6 12. Nfxe5 Rg8 13. Nxd7 Nxd7 14. e5 1-0

[Event "Bar Sozina op"]
[Site "Bar"]
[Date "2006.03.23"]
[Round "6"]
[White "Dedic, Slavko"]
[Black "Smailovic, Ramiz"]
[Result "0-1"]
[WhiteElo "2039"]
[BlackElo "2181"]
[PlyCount "84"]
[EventDate "2006.03.18"]
[EventType "swiss"]
[EventRounds "9"]
[EventCountry "YUG"]
[SourceTitle "CBM 111 Extra"]
[Source "ChessBase"]
[SourceDate "2006.05.09"]
[SourceVersion "1"]
[SourceVersionDate "2006.05.09"]
[SourceQuality "1"]

1. c4 c6 2. d4 d5 3. e3 Nf6 4. Nc3 e6 5. a3 Bd6 6. Nf3 a6 7. c5 Bc7 8. Bd3 Nbd7 9. b4 0-0 10. Bb2 e5 11. dxe5 Nxe5 12. Nxe5 Bxe5 13. Na4 Bxb2 14. Nxb2 Qe7 15. 0-0 Qe5 16. Na4 Ng4 17. g3 Qh5 18. h4 g5 19. Kg2 gxh4 20. Rh1 h3+ 21. Kf1 Bf5 22. Be2 Rae8 23. Ke1 Qg6 24. Bxg4 Bxg4 25. Qb1 Qh5 26. Kd2 d4 27. e4 Bf3 28. Re1 h2 29. Nb6 Qg5+ 30. Kd3 h1Q 31. Kc4 Qhh6 32. Nd5 cxd5+ 33. Kb3 dxe4 34. Rg1 Qe6+ 35. Kb2 Qd2+ 36. Qc2 Qxc2+ 37. Kxc2 Qc4+ 38. Kb2 Qc3+ 39. Ka2 e3 40. Rac1 Bd5+ 41. Kb1 Qb3+ 42. Ka1 Qa2# 0-1

[Event "Bar Sozina op"]
[Site "Bar"]
[Date "2006.03.21"]
[Round "4"]
[White "Krivokapic, Marko"]
[Black "Smailovic, Ramiz"]
[Result "1-0"]
[WhiteElo "2352"]
[BlackElo "2181"]
[PlyCount "87"]
[EventDate "2006.03.18"]
[EventType "swiss"]
[EventRounds "9"]
[EventCountry "YUG"]
[SourceTitle "CBM 111 Extra"]
[Source "ChessBase"]
[SourceDate "2006.05.09"]
[SourceVersion "1"]
[SourceVersionDate "2006.05.09"]
[SourceQuality "1"]

1. e4 e5 2. Nf3 Nf6 3. Nxe5 d6 4. Nf3 Nxe4 5. d4 d5 6. Bd3 Be7 7. 0-0 0-0 8. c4 c6 9. Ne5 Nf6 10. Nc3 Nbd7 11. Re1 dxc4 12. Bxc4 Nb6 13. Bb3 Nbd5 14. Bg5 Be6 15. Qf3 Nxc3 16. bxc3 Bd5 17. Qd3 Bxb3 18. axb3 Nd5 19. Bxe7 Nxe7 20. Re4 Qd6 21. Rae1 Ng6 22. Nxg6 Qxg6 23. Qc4 Qd6 24. b4 b6 25. Re5 h6 26. Qa6 Rfc8 27. h4 Qd8 28. h5 Qd7 29. Re7 Qf5 30. Rxa7 Rxa7 31. Qxa7 b5 32. Qb7 Rf8 33. Qxc6 Qxh5 34. d5 Qg5 35. Rd1 Qg4 36. f3 Qf4 37. d6 Qe3+ 38. Kh1 Qe2 39. Qd5 h5 40. d7 Rd8 41. Rd4 Qe1+ 42. Kh2 h4 43. Qg5 f6 44. Qxh4 1-0

[Event "Bar Sozina op"]
[Site "Bar"]
[Date "2006.03.18"]
[Round "1"]
[White "Antic, Dejan"]
[Black "Smailovic, Ramiz"]
[Result "1-0"]
[WhiteElo "2505"]
[BlackElo "2181"]
[PlyCount "43"]
[EventDate "2006.03.18"]
[EventType "swiss"]
[EventRounds "9"]
[EventCountry "YUG"]
[SourceTitle "CBM 111 Extra"]
[Source "ChessBase"]
[SourceDate "2006.05.09"]
[SourceVersion "1"]
[SourceVersionDate "2006.05.09"]
[SourceQuality "1"]

1. d4 d5 2. c4 c6 3. Nf3 Nf6 4. Nc3 e6 5. Bg5 Be7 6. e3 0-0 7. Qc2 Nbd7 8. Rd1 Nh5 9. h4 Nhf6 10. Bd3 h6 11. Bf4 a6 12. a3 Re8 13. c5 Ng4 14. e4 dxe4 15. Nxe4 Ngf6 16. Nd6 Rf8 17. Ng5 hxg5 18. hxg5 Ne4 19. Bxe4 f5 20. gxf6 Rxf6 21. Bh7+ Kf8 22. Bg6 1-0

[Event "Bar Sozina op"]
[Site "Bar"]
[Date "2005.03.12"]
[Round "9"]
[White "Simovic, Dusan"]
[Black "Smailovic, Ramiz"]
[Result "1/2-1/2"]
[WhiteElo "2013"]
[BlackElo "2209"]
[PlyCount "34"]
[EventDate "2005.03.04"]
[EventType "swiss"]
[EventRounds "9"]
[EventCountry "YUG"]
[SourceTitle "CBM 105 Extra"]
[Source "ChessBase"]
[SourceDate "2005.05.01"]
[SourceVersion "1"]
[SourceVersionDate "2005.05.01"]
[SourceQuality "1"]

1. e4 c5 2. c3 d5 3. exd5 Qxd5 4. d4 Nf6 5. Nf3 Bg4 6. Be2 cxd4 7. cxd4 e6 8. Nc3 Bb4 9. 0-0 Bxc3 10. bxc3 0-0 11. Qb3 Nbd7 12. h3 Bh5 13. Bf4 Qe4 14. Bg3 Qc6 15. Rab1 b6 16. Bb5 Qc7 17. Nd2 Bg6 1/2-1/2

[Event "Bar Sozina op"]
[Site "Bar"]
[Date "2005.03.09"]
[Round "6"]
[White "Smailovic, Ramiz"]
[Black "Ratkovic, Milorad"]
[Result "0-1"]
[WhiteElo "2209"]
[BlackElo "2262"]
[PlyCount "74"]
[EventDate "2005.03.04"]
[EventType "swiss"]
[EventRounds "9"]
[EventCountry "YUG"]
[SourceTitle "CBM 105 Extra"]
[Source "ChessBase"]
[SourceDate "2005.05.01"]
[SourceVersion "1"]
[SourceVersionDate "2005.05.01"]
[SourceQuality "1"]

1. d4 e5 2. dxe5 Nc6 3. Nf3 h6 4. Bf4 g5 5. Bg3 Bg7 6. e3 Nge7 7. c3 Ng6 8. Bc4 Ncxe5 9. Nxe5 Nxe5 10. Bb3 c6 11. f4 Ng6 12. 0-0 d5 13. Qf3 g4 14. Qe2 f5 15. Nd2 Qe7 16. c4 Bxb2 17. Rab1 Bd4 18. Rbe1 Bc5 19. cxd5 Bd7 20. Kh1 0-0-0 21. e4 Rde8 22. e5 h5 23. Rc1 h4 24. Be1 Kb8 25. Qd3 cxd5 26. Bxd5 Rc8 27. Nb3 Bb6 28. Ba5 Rxc1 29. Rxc1 Nxf4 30. Qc4 Nxd5 31. Qxd5 Bc6 32. Qd6+ Qxd6 33. exd6 h3 34. Bxb6 hxg2+ 35. Kg1 axb6 36. Nd4 Be4 37. Kf2 Rd8 0-1